Computers, graphics & learning (E-BOOK) (Record no. 192489)
[ view plain ]
| 000 -LEADER | |
|---|---|
| fixed length control field | 01127 a2200217 4500 |
| 003 - CONTROL NUMBER IDENTIFIER | |
| control field | Nust |
| 005 - DATE AND TIME OF LATEST TRANSACTION | |
| control field | 20170207154038.0 |
| 010 ## - LIBRARY OF CONGRESS CONTROL NUMBER | |
| LC control number | 92075647 |
| 020 ## - INTERNATIONAL STANDARD BOOK NUMBER | |
| International Standard Book Number | 0697148947 |
| 040 ## - CATALOGING SOURCE | |
| Transcribing agency | Nust |
| 082 00 - DEWEY DECIMAL CLASSIFICATION NUMBER | |
| Classification number | 371.334 |
| 100 1# - MAIN ENTRY--PERSONAL NAME | |
| Personal name | Rieber, Lloyd P. |
| 245 10 - TITLE STATEMENT | |
| Title | Computers, graphics & learning (E-BOOK) |
| Statement of responsibility, etc. | Lloyd P. Rieber. |
| 260 ## - PUBLICATION, DISTRIBUTION, ETC. | |
| Place of publication, distribution, etc. | Madison, Wis. : |
| Name of publisher, distributor, etc. | Brown & Benchmark, |
| Date of publication, distribution, etc. | c1994. |
| 300 ## - PHYSICAL DESCRIPTION | |
| Extent | xiv, 287 p. : |
| Other physical details | ill. ; |
| Dimensions | 24 cm. |
| 505 ## - FORMATTED CONTENTS NOTE | |
| Formatted contents note | Introduction (Page-13)An Overview of Graphics in Instruction (Page- 35) Developing Instructional Computer Graphics on Microcomputers (Page-70) Psychological Foundations of Instructional Graphics (Page-107) Review of Instructional Visual Research: Static Visuals (Page-137) Review of Instructional Visual Research: Animated Visuals (Page-159) Designing Graphics for Computer-Based Instruction: Basic Principles (Page-187) Designing Highly Interactive Visual Learning Environments (Page-226) Multimedia(Page- 263) |
| 650 #0 - SUBJECT ADDED ENTRY--TOPICAL TERM | |
| Topical term or geographic name entry element | Computer graphics. |
| 650 #0 - SUBJECT ADDED ENTRY--TOPICAL TERM | |
| Topical term or geographic name entry element | Computer-assisted instruction. |
| 651 ## - SUBJECT ADDED ENTRY--GEOGRAPHIC NAME | |
| Geographic name | Computers, graphics & learning (E-BOOK) |
| 740 0# - ADDED ENTRY--UNCONTROLLED RELATED/ANALYTICAL TITLE | |
| Uncontrolled related/analytical title | Computers, graphics, and learning. |
| 942 ## - ADDED ENTRY ELEMENTS (KOHA) | |
| Source of classification or shelving scheme | |
| Koha item type | Book |
| Withdrawn status | Lost status | Source of classification or shelving scheme | Damaged status | Not for loan | Collection code | Permanent Location | Current Location | Date acquired | Total Checkouts | Full call number | Barcode | Date last seen | Price effective from | Koha item type |
|---|---|---|---|---|---|---|---|---|---|---|---|---|---|---|
| Military College of Signals (MCS) | Military College of Signals (MCS) | 12/12/2016 | 371.334 RIE | MCSEB-281 | 12/08/2016 | 12/12/2016 | Book | |||||||
| Military College of Signals (MCS) | Military College of Signals (MCS) | 12/12/2016 | 371.334 RIE | MCSEB-289 | 12/08/2016 | 12/12/2016 | Book |
